000 01153nam a22002537a 4500
001 EIF-VIII-2013-M13-001
003 OSt
005 20221223115115.0
008 221223b |||||||| |||| 00| 0 eng d
040 _aFundación Jesús Pereda
_cFundación Jesús Pereda
041 _aCastellano
100 _uUniversidad Pontificia de Salamanca
_aAlfonso Sánchez, José Manuel
_9587
111 _aEncuentro de Investigadores del Franquismo
_c(Barcelona.
_d2013.
_n8º)
_9100
245 _aEducación informal y adoctrinamiento femenino en la "España Azul":
_blos cuentos de Mari-Pepa
_f1938-1945
_c/José Manuel Alfonso Sánchez y Francisco Javier Martínez Cuesta
610 0 _9575
_aSección Femenina (SF)
650 0 _9179
_aPropaganda
650 0 _9549
_aLiteratura
650 0 _9828
_aPersonajes literarios
650 0 _9557
_aPublicaciones periódicas
700 _uUniversidad Pontificia de Salamanca
_aMartínez Cuesta, Francisco Javier
_9829
773 _tActas del VIII Encuentro de Investigadores del Franquismo
856 _uhttps://bibliotecaccoocyl.fundacionjesuspereda.es/cgi-bin/koha/opac-retrieve-file.pl?id=5dc76889fe8eb781763de3ddd5cbba12
942 _2ddc
_cCF
_n0
999 _c499
_d499